| 000 | 00743nam a2200241 a 4500 | ||
|---|---|---|---|
| 001 | BRL_1048 | ||
| 005 | 20190320211018.0 | ||
| 008 | 051113s1984----sp-ao#####---#000-0#spa-# | ||
| 020 | _a8472142949 | ||
| 041 | _aspa | ||
| 044 | _asp | ||
| 050 | 4 |
_aNK4260 _b.C53 1984 |
|
| 100 | 1 |
_aClark, Kenneth _96038 |
|
| 245 | 1 | 0 |
_aManual del alfarero _breferencia completa y práctica para todos los ceramistas _cKenneth Clark ; traducción Juan Manuel Ibeas. |
| 260 |
_aMadrid _bHerman Blume _c1984 |
||
| 300 |
_a205 p. _bil. (alguans a color) _c25 cm. |
||
| 500 | _aAu1170 | ||
| 500 | _aTraducción de: The potter´s manual. | ||
| 650 | 1 | 4 |
_aAlfarería _vManuales _925678 |
| 700 | 1 |
_aIbeas, Juan Manuel _etr. _91466 |
|
| 902 | _aGRL | ||
| 942 |
_2lcc _cB |
||
| 999 |
_c9860 _d9860 |
||